Mathematiques approche par des textes historiques: M: A.T.H

Spremljeno u:
Bibliografski detalji
Format: Knjiga
Jezik:francuski
Izdano: París IREM 1986
Teme:
Oznake: Dodaj oznaku
Bez oznaka, Budi prvi tko označuje ovaj zapis!

MARC

LEADER 00000nam a2200000 a 4500
001 UCX8290
003 CL-VaPUC
008 940323e19860000FR |||||||||||||||||fre|d
082 0 4 |a 510.9  |b MAT  |2 21 
245 1 0 |a Mathematiques approche par des textes historiques: M: A.T.H 
300 |a v 
942 |c BK 
945 |d 19940323 00:00:00  |a mfernand 
260 |a París  |b IREM  |c 1986 
650 0 |a Matemáticas historia  |9 321726 
583 |a last modification  |c 19940323 00:00:00  |k Rodrigo Vera 
999 |c 227841  |d 227839 
952 |0 0  |1 0  |4 0  |6 510_900000000000000_MAT_1986  |7 0  |8 A  |9 227105  |a BIBMAT  |b BIBMAT  |d 2019-11-15  |h v.1  |i 2963213  |o 510.9 MAT 1986  |p 2963213  |r 2025-01-07  |w 2019-11-15  |y BK  |k MAT 
952 |0 0  |1 0  |4 0  |6 510_900000000000000_MAT_1986  |7 0  |8 A  |9 227106  |a BIBMAT  |b BIBMAT  |d 2019-11-15  |h v.2  |i 2963256  |o 510.9 MAT 1986  |p 2963256  |r 2025-01-07  |w 2019-11-15  |y BK  |k MAT